<?xml version="1.0" encoding="UTF-8"?>
<record
    xmlns:xsi="http://www.w3.org/2001/XMLSchema-instance"
    xsi:schemaLocation="http://www.loc.gov/MARC21/slim http://www.loc.gov/standards/marcxml/schema/MARC21slim.xsd"
    xmlns="http://www.loc.gov/MARC21/slim">

  <leader>01279    a2200241   4500</leader>
  <controlfield tag="001">10465</controlfield>
  <controlfield tag="005">20260407155438.0</controlfield>
  <controlfield tag="008">260407a2010    arg                 spa d</controlfield>
  <controlfield tag="003">AR-UNSa-BCEJYS</controlfield>
  <datafield tag="040" ind1=" " ind2=" ">
    <subfield code="a">AR-UNSa-BCEJYS</subfield>
    <subfield code="b">spa</subfield>
    <subfield code="c">AR-UNSa-BCEJYS</subfield>
  </datafield>
  <datafield tag="080" ind1=" " ind2=" ">
    <subfield code="a">347.73</subfield>
    <subfield code="x">Organizaciones comerciales. Derecho financiero (t&#xED;tulos de cr&#xE9;dito)</subfield>
  </datafield>
  <datafield tag="245" ind1="1" ind2="0">
    <subfield code="a">T&#xED;tulos de cr&#xE9;dito</subfield>
    <subfield code="p">letra de cambio, pagar&#xE9; y cheque</subfield>
  </datafield>
  <datafield tag="020" ind1=" " ind2=" ">
    <subfield code="a">978-950-508-901-7</subfield>
  </datafield>
  <datafield tag="250" ind1=" " ind2=" ">
    <subfield code="a">10a. ed.</subfield>
  </datafield>
  <datafield tag="264" ind1=" " ind2="1">
    <subfield code="a">Buenos Aires :</subfield>
    <subfield code="b">Astrea</subfield>
    <subfield code="c">2010</subfield>
  </datafield>
  <datafield tag="300" ind1=" " ind2=" ">
    <subfield code="a">xxxi, 503 p.</subfield>
    <subfield code="c">23 cm.</subfield>
  </datafield>
  <datafield tag="505" ind1=" " ind2=" ">
    <subfield code="a">1. Introducci&#xF3;n - 2. La obligaci&#xF3;n cambiaria - 3. Obligados cambiarios - 4. Circulaci&#xF3;n - 5. Garant&#xED;as cambiarias - 6. Institutos cambiarios poco usuales y cancelaci&#xF3;n - 7. Vencimiento y extinci&#xF3;n de las obligaciones cambiarias - 8. Cheque - 9. Acciones cambiarias - 10. Defensas sustanciales y excepciones - 11. Otras acciones emergentes del ordenamiento cambiario - 12. Problem&#xE1;tica internacional de los t&#xED;tulos de cr&#xE9;dito - 13. Panorama de los t&#xED;tulos de cr&#xE9;dito</subfield>
  </datafield>
  <datafield tag="041" ind1=" " ind2=" ">
    <subfield code="a">spa</subfield>
  </datafield>
  <datafield tag="942" ind1=" " ind2=" ">
    <subfield code="c">BK</subfield>
  </datafield>
  <datafield tag="590" ind1=" " ind2=" ">
    <subfield code="a">niveau_biblio:m niveau_hierar:0</subfield>
  </datafield>
  <datafield tag="100" ind1="1" ind2=" ">
    <subfield code="a">Escuti, Ignacio A.</subfield>
  </datafield>
  <datafield tag="856" ind1="4" ind2="1">
    <subfield code="u">https://biblioeco.unsa.edu.ar/pmb/images/libros/Titulos de credito2-l118739.jpg</subfield>
    <subfield code="y">Imagen de portada</subfield>
    <subfield code="q">image/jpeg</subfield>
  </datafield>
  <datafield tag="999" ind1=" " ind2=" ">
    <subfield code="c">458</subfield>
    <subfield code="d">458</subfield>
  </datafield>
  <datafield tag="952" ind1=" " ind2=" ">
    <subfield code="0">0</subfield>
    <subfield code="1">0</subfield>
    <subfield code="4">0</subfield>
    <subfield code="7">0</subfield>
    <subfield code="a">BCEJYS</subfield>
    <subfield code="b">BCEJYS</subfield>
    <subfield code="c">16</subfield>
    <subfield code="d">2026-04-07</subfield>
    <subfield code="l">0</subfield>
    <subfield code="o">347.73 E74 10ed.</subfield>
    <subfield code="p">L118739</subfield>
    <subfield code="r">2026-04-07 15:54:38</subfield>
    <subfield code="w">2026-04-07</subfield>
    <subfield code="y">L</subfield>
    <subfield code="z">SUBRAYADO C/ L&#xC1;PIZ - CANTO SUCIO - &#xCD;NDICE ESCRITO C/ L&#xC1;PIZ</subfield>
  </datafield>
  <datafield tag="952" ind1=" " ind2=" ">
    <subfield code="0">0</subfield>
    <subfield code="1">0</subfield>
    <subfield code="4">0</subfield>
    <subfield code="7">0</subfield>
    <subfield code="a">BCEJYS</subfield>
    <subfield code="b">BCEJYS</subfield>
    <subfield code="c">16</subfield>
    <subfield code="d">2026-04-07</subfield>
    <subfield code="l">0</subfield>
    <subfield code="o">347.73 E74 10ed.</subfield>
    <subfield code="p">L118740</subfield>
    <subfield code="r">2026-04-07 15:54:38</subfield>
    <subfield code="w">2026-04-07</subfield>
    <subfield code="y">L</subfield>
    <subfield code="z">P&#xC1;G. 9 A 20 UN POCO H&#xDA;MEDAS - SUBRAYADO Y ESCRITO C/ L&#xC1;PIZ - CANTO UN POCO SUCIO</subfield>
  </datafield>
  <datafield tag="952" ind1=" " ind2=" ">
    <subfield code="0">0</subfield>
    <subfield code="1">0</subfield>
    <subfield code="4">0</subfield>
    <subfield code="7">0</subfield>
    <subfield code="a">BCEJYS</subfield>
    <subfield code="b">BCEJYS</subfield>
    <subfield code="c">16</subfield>
    <subfield code="d">2026-04-07</subfield>
    <subfield code="l">0</subfield>
    <subfield code="o">347.73 E74 10ed.</subfield>
    <subfield code="p">L118741</subfield>
    <subfield code="r">2026-04-07 15:54:38</subfield>
    <subfield code="w">2026-04-07</subfield>
    <subfield code="y">L</subfield>
    <subfield code="z">SUBRAYADO LEVE C/ L&#xC1;PIZ P&#xC1;G. 10,11,12 Y 15 - MANCHAS LEVES P&#xC1;G. 15 A 19 - &#xDA;LTIMAS HOJAS CANTO SUPERIOR MANCHADO - CANTO UN POCO SUCIO </subfield>
  </datafield>
  <datafield tag="952" ind1=" " ind2=" ">
    <subfield code="0">0</subfield>
    <subfield code="1">0</subfield>
    <subfield code="4">0</subfield>
    <subfield code="7">0</subfield>
    <subfield code="a">BCEJYS</subfield>
    <subfield code="b">BCEJYS</subfield>
    <subfield code="c">16</subfield>
    <subfield code="d">2026-04-07</subfield>
    <subfield code="l">0</subfield>
    <subfield code="o">347.73 E74 10ed.</subfield>
    <subfield code="p">L118742</subfield>
    <subfield code="r">2026-04-07 15:54:38</subfield>
    <subfield code="w">2026-04-07</subfield>
    <subfield code="y">L</subfield>
    <subfield code="z">LAPICERA &#xDA;LTIMA HOJA - SUBRAYADO C/ L&#xC1;PIZ - ALGO H&#xDA;MEDO CANTO SUPERIOR - &#xCD;NDICE MANCHADO - CANTO UN POCO SUCIO</subfield>
  </datafield>
  <datafield tag="952" ind1=" " ind2=" ">
    <subfield code="0">0</subfield>
    <subfield code="1">0</subfield>
    <subfield code="4">0</subfield>
    <subfield code="7">0</subfield>
    <subfield code="a">BCEJYS</subfield>
    <subfield code="b">BCEJYS</subfield>
    <subfield code="c">16</subfield>
    <subfield code="d">2026-04-07</subfield>
    <subfield code="l">0</subfield>
    <subfield code="o">347.73 E74 10ed.</subfield>
    <subfield code="p">L118743</subfield>
    <subfield code="r">2026-04-07 15:54:38</subfield>
    <subfield code="w">2026-04-07</subfield>
    <subfield code="y">L</subfield>
    <subfield code="z">SUBRAYADO C/ L&#xC1;PIZ - P&#xC1;G. 29 MANCHADA - H&#xDA;MEDO CANTO INFERIOR ESQUINA - &#xCD;NDICE RAYADO C/ L&#xC1;PIZ LEVE</subfield>
  </datafield>
</record>
